| 000 | 02582nam a2200349 a 4500 | ||
|---|---|---|---|
| 001 | ebr10671061 | ||
| 003 | CaPaEBR | ||
| 006 | m u | ||
| 007 | cr cn||||||||| | ||
| 008 | 070719s2008 nyua sb 001 0 eng d | ||
| 010 | _z 2007030071 | ||
| 020 | _z9781600218569 (hardcover) | ||
| 020 | _z1600218563 (hardcover) | ||
| 020 | _z9781617614408 (e-book) | ||
| 040 |
_aCaPaEBR _cCaPaEBR |
||
| 035 | _a(OCoLC)841168008 | ||
| 050 | 1 | 4 |
_aBF576 _b.E466 2008eb |
| 082 | 0 | 4 |
_a152.4 _222 |
| 245 | 0 | 0 |
_aEmotional intelligence _h[electronic resource] : _btheoretical and cultural perspectives / _cRobert J. Emmerling, Vinod K. Shanwal and Manas K. Mandal, editors. |
| 260 |
_aNew York : _bNova Science Publishers, _cc2008. |
||
| 300 |
_axiv, 233 p. : _bill. |
||
| 504 | _aIncludes bibliographical references and index. | ||
| 505 | 0 | _aEmotions and the ability model of emotional intelligence / David R. Caruso -- A comprehensive framework for emotional intelligence / Benjamin R. Palmer ... [et al.] -- The cascading impact of culture : group emotional competence (GEC) as a cultural resource / Elizabeth Stubbs Koman, Steven Wolff and Anita Howard -- Emotional intelligence of managers in India : creating an understanding / Gopa Bhardwaj -- Toward an applied science of emotional intelligence in the global workplace : key issues and challenges / Robert J. Emmerling -- Assessing emotional intelligence competencies in two global contexts / Joan Manuel Batista-Foguet ... [et al.] -- Emotional intelligence : a universal or a culture-specific construct? / Mugdha Gangopadhyay and Manas K. Mandal -- Research on emotional intelligence : the Indian experience / Ashok K. Srivastava, Anjum Sibia and Girishwar Misra -- Emotional intelligence in education : applications & implications / Vinod K. Shanwal and Gurpreet Kaur -- Cross-cultural competencies in a major multinational industrial firm / Lyle Spencer, Geoff Ryan and Urs Bernhard -- Creating an emotionally intelligent classroom culture / Janet Pickard Kremenitzer, Justyna K. Mojsa and Marc A. Brackett. | |
| 533 |
_aElectronic reproduction. _bPalo Alto, Calif. : _cebrary, _d2013. _nAvailable via World Wide Web. _nAccess may be limited to ebrary affiliated libraries. |
||
| 650 | 0 | _aEmotional intelligence. | |
| 655 | 7 |
_aElectronic books. _2local |
|
| 700 | 1 | _aEmmerling, Robert J. | |
| 700 | 1 | _aShanwal, Vinod K. | |
| 700 | 1 | _aMandal, Manas K. | |
| 710 | 2 | _aebrary, Inc. | |
| 856 | 4 | 0 |
_uhttp://site.ebrary.com/lib/rucke/Doc?id=10671061 _zAn electronic book accessible through the World Wide Web; click to view |
| 999 |
_c162085 _d162085 |
||